Por las cumbres escaladas en tres continentes / (Record no. 144012)

MARC details
000 -LEADER
campo de control de longitud fija 00760nam a2200229 i 4500
001 - NÚMERO DE CONTROL
campo de control 144012
003 - IDENTIFICADOR DE NÚMERO DE CONTROL
campo de control ES-MaACL
005 - FECHA Y HORA DE LA ÚLTIMA TRANSACCIÓN
campo de control 20230906200926.0
007 - CAMPO FIJO DE DESCRIPCIÓN FÍSICA--INFORMACIÓN GENERAL
campo de control de longitud fija t|
008 - DATOS DE LONGITUD FIJA--INFORMACIÓN GENERAL
campo de control de longitud fija 070214s1952 sp abf |||| | spa d
080 ## - NÚMERO DE LA CLASIFICACIÓN DECIMAL UNIVERSAL
Número de la Clasificación Decimal Universal 796.52
100 1# - ENTRADA PRINCIPAL--NOMBRE DE PERSONA
Nombre de persona Shipton, Eric.
9 (RLIN) 106136
245 10 - MENCIÓN DEL TÍTULO
Título Por las cumbres escaladas en tres continentes /
Mención de responsabilidad, etc. Eric Shipton ; prólogo de Goffrey Winthrop Young ; traducción de Eduardo Valentí.
250 ## - MENCION DE EDICION
Mención de edición 1ª ed.
260 ## - PUBLICACIÓN, DISTRIBUCIÓN, ETC.
Lugar de publicación, distribución, etc. Barcelona :
Nombre del editor, distribuidor, etc. Juventud,
Fecha de publicación, distribución, etc. 1952.
300 ## - DESCRIPCIÓN FÍSICA
Extensión 224 p., 160 lám. :
Otras características físicas il., 4 mapas ;
Dimensiones 22 cm.
650 #4 - PUNTO DE ACCESO ADICIONAL DE MATERIA--TÉRMINO DE MATERIA
Término de materia o nombre geográfico como elemento de entrada Montañismo.
9 (RLIN) 139850
650 #4 - PUNTO DE ACCESO ADICIONAL DE MATERIA--TÉRMINO DE MATERIA
Término de materia o nombre geográfico como elemento de entrada Escalada.
9 (RLIN) 151312
700 1# - ENTRADA AGREGADA--NOMBRE PERSONAL
Nombre de persona Young, Geoffrey Winthrop.
9 (RLIN) 151313
700 1# - ENTRADA AGREGADA--NOMBRE PERSONAL
Nombre de persona Valentí Fiol, Eduardo.
9 (RLIN) 112600
852 ## - LOCALIZACIÓN
Ubicación ES-MaACL
Número de control de estantería D-8606
Nota libre - Enc. cart.
Holdings
Estatus retirado Estado de pérdida Estado de daño No para préstamo Biblioteca de origen Biblioteca actual Ubicación en estantería Fecha de adquisición Fuente de adquisición Total de préstamos Signatura topográfica completa Código de barras Visto por última vez Precio de reemplazo Tipo de ítem Koha
        Biblioteca del Ateneo de Madrid Biblioteca del Ateneo de Madrid Sala Valle Inclán 17/01/2008     D-8606 901149835 23/02/2023 23/02/2023 Libro impreso